[Event "Tata Steel-A 73rd"]
[Site "Wijk aan Zee"]
[Date "2011.01.15"]
[Round "1"]
[White "Smeets, Jan"]
[Black "Shirov, Alexei"]
[Result "1-0"]
[WhiteElo "2662"]
[BlackElo "2722"]
[Annotator "Atalik,S"]
[PlyCount "49"]
[EventDate "2011.01.14"]
[EventType "tourn"]
[EventRounds "13"]
[EventCountry "NED"]
[EventCategory "20"]
[SourceTitle "CBM 141"]
[Source "ChessBase"]
[SourceDate "2011.03.17"]
[SourceVersion "1"]
[SourceVersionDate "2011.03.17"]
[SourceQuality "1"]

1. e4 e5 2. Nf3 Nc6 3. Bb5 a6 4. Ba4 Nf6 5. O-O b5 6. Bb3 Bc5 7. a4 Rb8 8. c3
d6 9. d4 Bb6 10. axb5 axb5 11. Na3 O-O 12. Nxb5 Bg4 $1 ({The immediate
exchange is not preferred because of} 12... exd4 13. cxd4 Bg4 14. Ra3 $5 (14.
Ra4 $5)) 13. Re1 (13. d5 Ne7 14. Bc2 Qe8 (14... Qd7 15. Na3 $5 (15. c4 Ng6 16.
h3 Bxh3 17. gxh3 Qxh3 18. Ng5 Qg3+ 19. Kh1 Qh4+ 20. Kg2 h6 21. Nh3 Nxe4 22. Qe2
f5 23. Ra3 Rf6 $44 {Karjakin-Radjabov, Cap d'Adge (rapid) 2006.}) 15... Nexd5
16. h3 (16. exd5 e4) 16... Bh5 17. exd5 e4 18. Bg5 Bxf3 (18... exf3 $2 19. Bxf6
gxf6 20. Be4 fxg2 21. Qxh5 gxf1=Q+ 22. Rxf1 Rfe8 23. Qxh7+ Kf8 24. Bf5 $18) 19.
Qd2 e3 20. Bxe3 Bxe3 21. fxe3 Be4 22. Rxf6 Bxc2 23. Rf4 Bg6 $44 {
Nakamura-Shirov from the same tournament.}) 15. Na3 $1 (15. c4 Nxe4 16. Bxe4 f5
17. Bd3 e4 18. Be2 exf3 19. Bxf3 Ng6 20. Bxg4 fxg4 21. Ra3 (21. Qxg4 $4 Rxf2)
21... Nh4 $44) 15... Nxe4 16. Bxe4 f5 17. Bd3 e4 18. Be2 exf3 19. Bxf3 Qh5 20.
Nc4 Bxf3 21. Qxf3 Qxf3 22. gxf3 Nxd5 23. Rd1 Nf6 24. b4 $14 {and White presses.
}) 13... Bxf3 (13... exd4 14. Nbxd4 $1 (14. cxd4) 14... Nxd4 15. cxd4 Bxf3 16.
gxf3 Bxd4 17. Bxf7+ Rxf7 18. Qxd4 Nd7 (18... Nh5 19. Qd5) 19. Ra3 $1 $14) 14.
gxf3 Nh5 15. Kh1 Qf6 16. Rg1 exd4 17. Bg5 Qe5 18. Bd5 dxc3 19. Bxc6 cxb2 20.
Rb1 Bxf2 21. Rg2 Rb6 22. Bd7 (22. Qd5 Bc5 23. Rbxb2 Rxc6 $3 24. Qxc6 Ng3+ 25.
hxg3 Qxg5 $11 {Ivanchuk-Shirov, Wijk aan Zee 2010.}) (22. Rxf2 Qxg5 23. Rc2
Rxc6 $1 {I believe this should equalise.} (23... Nf4 $6 24. Qf1 $1 $14 {
Leko-Caruana, Wijk aan Zee 2010.}) 24. Rxc6 Qxb5 25. Rxc7 Nf4 26. Qxd6 (26. Rc2
d5 27. Rcxb2 Qd3 28. exd5 Qxd5 $11) 26... Qb3 (26... Qe2 27. Qxf4 Qd3 $11) 27.
Qxf4 Qd3 $11) 22... Bc5 23. Na7 Ra8 $4 (23... h6 $1 24. Bxh6 d5 $1 25. Rg5 (25.
Nc6 Qd6 26. Qxd5 Qxd5 27. exd5 Ra8 28. Bf5 Ra1 29. Bd2 Rb3 30. Re2 g6 31. Be4
Rxb1+ 32. Bxb1 Nf6 $44) (25. Bg5 $6 Ra8 $3 26. Nc6 Qc3 27. exd5 (27. Rc2 Qb3
28. Rxc5 (28. Rbxb2 $2 Ra1 29. Qxa1 Qxf3+ 30. Rg2 Rxb2) 28... Qxd1+ 29. Rxd1
Ra2 $3 30. Rcc1 bxc1=Q 31. Bxc1 Rb1) 27... Ra1 28. Bf5 g6 29. Bc2 Rba6 30. Rg4
Rxb1 31. Bxb1 Ra1 32. Kg2 Be3 33. Bxe3 Qxe3 $17) 25... Qe7 26. Bc6 Ra8 $3 27.
Bxa8 (27. Rxh5 Rxa7) 27... Rxh6 28. Qxd5 Qf6 (28... Bxa7 29. Rxh5) 29. Qxc5
Qxf3+ 30. Rg2 Ng3+ 31. Kg1 Ne2+ 32. Kh1 Ng3+ $11) 24. Nc6 Rxc6 25. Bxc6 (25.
Bxc6 Ra1 {Black is threatening Qd4 but...} 26. Rgxb2 Qxb2 27. Rxa1 {It looks
like Shirov overlooked this motif.}) 1-0

[Event "Tata Steel-A 73rd"]
[Site "Wijk aan Zee"]
[Date "2011.01.17"]
[Round "3"]
[White "Nakamura, Hikaru"]
[Black "Shirov, Alexei"]
[Result "1-0"]
[WhiteElo "2751"]
[BlackElo "2722"]
[Annotator "Atalik,S"]
[PlyCount "185"]
[EventDate "2011.01.14"]
[EventType "tourn"]
[EventRounds "13"]
[EventCountry "NED"]
[EventCategory "20"]
[SourceTitle "CBM 141"]
[Source "ChessBase"]
[SourceDate "2011.03.17"]
[SourceVersion "1"]
[SourceVersionDate "2011.03.17"]
[SourceQuality "1"]

1. e4 e5 2. Nf3 Nc6 3. Bb5 a6 4. Ba4 Nf6 5. O-O b5 6. Bb3 Bc5 7. c3 d6 8. a4
Rb8 9. d4 Bb6 10. axb5 axb5 11. Na3 O-O 12. Nxb5 Bg4 13. d5 Ne7 14. Bc2 Qd7 (
14... Qe8 15. Na3 Nxe4 16. Bxe4 f5 17. Bd3 e4 18. Be2 exf3 19. Bxf3 Qh5 20. Nc4
{Motylev offered a draw here to Serbian GM Todorovic whose initials are also
GM (Goran M?)} Bxf3 21. Qxf3 Qxf3 22. gxf3 Nxd5 23. Rd1 Nf6 24. b4 $14 {
and White may really press here due to bad bishop on b6.} (24. Ra6 Nd7)) 15.
Na3 Nexd5 16. h3 Bh5 17. exd5 e4 18. Bg5 (18. g4 Nxg4 19. Ng5 Nf6 20. Qd2 Rfe8
21. Qf4 (21. Nc4 h6 22. Ba4 Qf5 23. Bxe8 Rxe8 24. Nxb6 cxb6 25. Qf4 Qxf4 26.
Bxf4 hxg5 27. Bxg5 Nxd5 $44) 21... Be2 22. Re1 Bd3 23. Bxd3 exd3 24. Bd2 h6 25.
Ne4 Nxe4 26. Rxe4 Qxh3 27. Qg4 Qxg4+ 28. Rxg4 Re2 $44) 18... Bxf3 19. Qd2 e3
20. Bxe3 Bxe3 21. fxe3 Be4 22. Rxf6 Bxc2 23. Rf4 Bg6 24. Nc4 {Now the other
bishop becomes bad!} Ra8 25. Na5 Rfe8 26. Ra3 Be4 27. c4 g5 $1 {Excellent!
Black has to play very aggressively on the kingside to exploit the inertia of
the Na5.} 28. Rf1 g4 29. h4 $6 (29. hxg4 Qxg4 30. Nc6 Rxa3 31. bxa3 Bg6 32. Rf4
Qg3 33. Rf3 Qg4 34. Nd4 Qe4 $44) 29... Qe7 30. Qf2 Bg6 31. b4 h5 32. Rc3 Qe5
33. Rb3 Qe4 34. Rc3 Qe5 35. Rfc1 Be4 36. Qf4 g3 37. Qxe5 Rxe5 38. Ra3 Kg7 39.
Rf1 Ree8 40. Rfa1 Re5 $2 {A critical moment for the game.} (40... Bg6 $1 $11
41. e4 $140 $2 Rxe4 42. Rxg3 Rxc4 $17) 41. Nb3 Rxa3 42. Rxa3 Bxd5 $1 43. Nd2 (
43. cxd5 $2 Rxe3 44. Kf1 Kg6 $17 {with the eternal pin on the knight things
may become ugly for White.}) 43... Be6 44. e4 Bg4 45. Rxg3 f5 46. Re3 Re8 47.
Kf2 Ra8 48. exf5 Ra2 49. Rd3 Bxf5 50. Rd5 Be6 51. Rg5+ Kh6 52. Ke3 Ra3+ 53. Kd4
Ra1 54. g3 Rd1 55. Kc3 Rg1 56. b5 Rc1+ 57. Kd3 Bf7 58. Nb3 $3 {The only way to
make any progress in the position.} Rd1+ (58... Bxc4+ 59. Kd2 Rf1 60. Nd4 {
and the bishop cannot return to a square which can protect Black against the
lethal check on f5.}) 59. Ke2 Rb1 60. Nd4 Bxc4+ 61. Kd2 d5 62. Nf5+ Kh7 63.
Rxh5+ Kg6 64. Rg5+ Kf6 65. Ne3 Rb2+ 66. Kd1 Be2+ 67. Kc1 Rxb5 68. Kd2 $1 (68.
Nxd5+ $2 Kf7 69. Rf5+ Ke6 70. Rf2 Rxd5 71. Rxe2+ Kf5 72. Re8 Kg4 73. Rg8+ Kh5
$11) 68... Rb2+ 69. Kc3 Rb5 70. Nxd5+ Kf7 71. Re5 Bg4 72. Re7+ {Excellent play
by White and Black is losing since the king has no square it can occupy around
the g3, h4 tandem.} Kf8 73. Re4 Bf5 (73... Rxd5 74. Rxg4 {should win.}) 74.
Nxc7 Rc5+ 75. Rc4 Re5 76. Rf4 Ke7 77. Kd4 Ra5 78. Nd5+ Ke6 79. Nc3 $18 Ra8 80.
g4 Bh7 81. Ke3 Rc8 82. Ne2 Ke5 83. Ra4 Rb8 84. Nd4 Rb1 85. Ra5+ Kf6 86. Kf4
Rf1+ 87. Nf3 Bc2 88. Kg3 Rb1 89. Ra6+ Kg7 90. Nd4 Bd3 91. Rd6 Kf7 92. Kf4 Ra1
93. h5 1-0

[Event "EU-ch 6th"]
[Site "Warsaw"]
[Date "2005.06.26"]
[Round "8"]
[White "Neubauer, Martin"]
[Black "Guadalpi, David"]
[Result "0-1"]
[WhiteElo "2457"]
[BlackElo "2317"]
[Annotator "Atlas,V"]
[PlyCount "88"]
[EventDate "2005.06.18"]
[EventType "swiss"]
[EventRounds "13"]
[EventCountry "POL"]
[SourceTitle "CBM 108"]
[Source "ChessBase"]
[SourceDate "2005.09.26"]
[SourceVersion "1"]
[SourceVersionDate "2005.09.26"]
[SourceQuality "1"]

1. e4 e5 2. Nf3 Nc6 3. Bb5 a6 4. Ba4 Nf6 5. O-O b5 6. Bb3 Bc5 7. d3 d6 8. c3
O-O 9. Be3 h6 10. Nbd2 Ng4 11. Bxc5 dxc5 12. Bd5 Qd6 13. h3 Nf6 14. Bxc6 Qxc6
15. Nxe5 Qd6 16. f4 Bb7 17. Qe2 Rad8 18. Rad1 Rfe8 19. Qe3 Nh5 20. Nb3 c4 21.
Nc5 Ba8 22. dxc4 (22. d4 {is strongly met by} f6 23. Ng6 f5 {, with
counterplay.}) ({Yet, after} 22. g4 f6 23. Ng6 Ng3 24. Rfe1 {White has a large
advantage.}) 22... Qxd1 23. Rxd1 Rxd1+ 24. Kh2 Red8 25. Nxa6 Rf1 26. Qe2 $4 ({
A big mistake. After} 26. Nd3 bxc4 27. Nf2 {White retains good chances.}) {
[%tqu "En","How to punish White for his last careless move?","Exploit an
unfortunate position of the White queen.","Sacrifice your rook!","f1h1","This
is a nice touch!",3]} 26... Rh1+ $1 {[%csl Re2,Rh2,Gh5][%cal Gh5g3] Winning
the queen and the game.} 27. Kxh1 Ng3+ 28. Kh2 Nxe2 29. cxb5 Bxe4 30. Nxc7 Nxf4
31. Nc4 Nd5 32. Na6 Bd3 33. b3 Rc8 34. b6 Bxc4 35. b7 Bxa6 36. bxc8=Q+ Bxc8 37.
c4 Nb4 38. a3 Nc2 39. a4 Kf8 40. Kg3 Ke7 41. Kf4 Kd6 42. h4 Kc5 43. g4 Nd4 44.
g5 Ne6+ 0-1

[Event "USA-ch"]
[Site "San Diego"]
[Date "2004.11.24"]
[Round "1"]
[White "Nakamura, Hikaru"]
[Black "Muhammad, Stephen A"]
[Result "1-0"]
[WhiteElo "2620"]
[BlackElo "2387"]
[Annotator "Atlas,V"]
[PlyCount "55"]
[EventDate "2004.11.24"]
[EventType "swiss"]
[EventRounds "9"]
[EventCountry "USA"]
[SourceTitle "CBM 105"]
[Source "ChessBase"]
[SourceDate "2005.04.11"]
[SourceVersion "1"]
[SourceVersionDate "2005.04.11"]
[SourceQuality "1"]

1. e4 e5 2. Nf3 Nc6 3. Bb5 a6 4. Ba4 Nf6 5. O-O b5 6. Bb3 Bb7 7. c3 Nxe4 8. d4
Na5 9. Bc2 exd4 10. Nxd4 c5 11. Nf5 d5 12. a4 Qd7 13. f3 Nd6 14. Re1+ Kd8 15.
Ne3 Ndc4 16. axb5 axb5 17. Bf5 (17. Na3 $5 {was another good option for White.
war eine weitere gute Möglichkeit für Weiß.}) 17... Nxe3 18. Bxd7 Nxd1 19. Bxb5
Bd6 (19... c4 20. Rxd1 Bc5+ 21. Kf1 Kc7 {deserved here serious attention.
verdiente hier ernste Aufmerksamkeit.}) 20. Rxd1 Kc7 21. Nd2 Bc6 22. Bd3 Rhe8
23. c4 dxc4 24. Nxc4 Nxc4 25. Rxa8 Rxa8 26. Bxc4 f6 27. Be3 Rb8 $4 ({A
terrible blunder. After Ein schrecklicher Bock. Nach} 27... Re8 {or 27...g5
Black would retain equal chances. oder 27...g5 würde Schwarz gleiche Chancen
behalten.}) {[%tqu "En","How would you punish Black's last careless move?",
"Use the disharmony in the placement of Black's pieces.","Use your rook for
the decisive blow.","d1d6","Winning a piece and the game.",3,"De","Wie würden
Sie die letzte schwarze Unvorsichtigkeit bestrafen?","Nutzen Sie die
Disharmonie der schwarzen Figuren aus.","Versetzen Sie mit Ihrem Turm den
entscheidenden Schlag.","d1d6","Gewinnt eine Figur und die Partie.",3]} 28.
Rxd6 $1 {[%csl Rb8,Rc7,Gd6,Ge3][%cal Ge3f4]} (28. Rxd6 {This thematic
sacrifice wins on the spot. Black resigned in view of the line: Dieses
thematische Opfer gewinnt auf der Stelle. Schwarz gab auf, denn nach} Kxd6 29.
Bf4+ Kd7 30. Bxb8 {, and White is a piece up. hat Weiß eine Figur mehr.}) 1-0

[Event "Mitropa Cup 35th"]
[Site "Prague"]
[Date "2016.06.25"]
[Round "7.3"]
[White "Zilka, Stepan"]
[Black "Lampert, Jonas"]
[Result "0-1"]
[WhiteElo "2533"]
[BlackElo "2488"]
[Annotator "Baldauf,M"]
[PlyCount "118"]
[EventDate "2016.06.19"]
[EventType "team-tourn"]
[EventRounds "9"]
[EventCountry "CZE"]
[SourceTitle "CBM 173 Extra"]
[Source "ChessBase"]
[SourceDate "2016.08.29"]
[SourceVersion "1"]
[SourceVersionDate "2016.08.29"]
[SourceQuality "1"]
[WhiteTeam "Czech Republic"]
[BlackTeam "Germany"]
[WhiteTeamCountry "CZE"]
[BlackTeamCountry "GER"]

1. e4 e5 2. Nf3 Nc6 3. Bb5 a6 4. Ba4 Nf6 5. O-O Bc5 6. c3 b5 7. Bc2 d5 8. a4 $5
{Diagramm [#] stellt einen interessanten neuen Versuch dar, der zuletzt von
Caruana auf höchstem Niveau eingesetzt wurde. Schwarz muss den Fehdehandschuh
aufnehmen, da das natürliche 8...Tb8 ein Zugeständnis wäre.} (8. d4 {ist die
Hauptvariante, die ähnlich forciert ist wie die Partiefortsetzung. Lampert
konnte dort vor wenigen Monaten problemlos ausgleichen} dxe4 9. Nbd2 (9. Nxe5)
(9. dxe5 $5) 9... exf3 10. Qxf3 Be7 11. Qxc6+ Bd7 12. Qf3 exd4 13. Ne4 O-O 14.
Rd1 c5 $1 15. cxd4 c4 16. Nxf6+ Bxf6 17. Be4 Rb8 18. Bf4 Rb6 $11 {1-0 (41)
Beliavsky,A (2630)-Lampert,J (2472) Reykjavik ISL 2016}) 8... dxe4 $1 (8... Rb8
9. axb5 axb5 10. d4 $146 {ist aufgrund der offenen a-Linie besser für Weiß als
die Hauptvariante} (10. exd5 $6 Qxd5 11. d4 exd4 12. Re1+ Be6 13. Bb3 Qd6 $11 {
1/2-1/2 (38) Kantans,T (2498)-Beliavsky,A (2603) Teplice CZE 2016})) 9. axb5
exf3 (9... Bg4 {wurde von Onischuk gespielt, Caruana konnte in den
komplizierten Stellungen jedoch die Oberhand behalten} 10. bxc6 exf3 11. gxf3
Be6 12. Ra5 Qd6 13. f4 $1 {bereitet die Befreiung der Läufer vor} e4 14. d4
exd3 15. Qxd3 O-O 16. Qxd6 Bxd6 $13 {1-0 (28) Caruana,F (2795)-Onischuk,A 
(2664) Saint Louis USA 2016}) 10. Qxf3 e4 11. Bxe4 Ne5 12. Qe2 O-O 13. d4 $1 (
13. Bxa8 {gewinnt ersteinmal Material, nach} Nd3 $1 {hinkt Weiß jedoch
deutlich in der Entwicklung heinterher und ist einem gefährlichen Angriff
ausgesetzt, in dem alle schwarzen Figuren eingesetzt werden.} 14. h3 Re8 15.
Qd1 $2 (15. Qf3 $8 axb5 $44) 15... Bxh3 $1 $40 16. Bf3 Qd6 17. b4 Bxf2+ 18.
Rxf2 Nxf2 19. Kxf2 Qh2 20. Qf1 Ne4+ 21. Bxe4 Rxe4 22. d3 Bxg2 23. Qxg2 Re2+ 24.
Kxe2 Qxg2+ 25. Ke3 axb5 26. Nd2 h5 27. Nf3 g5 28. Bd2 g4 29. Ng5 f6 30. Ne4 f5
31. Nf6+ Kf7 32. Nxh5 Qh3+ 33. Kd4 Qxh5 34. Bf4 Qh8+ 35. Be5 Qd8+ 36. Ke3 Qd5
37. Bxc7 Qf3+ 38. Kd4 g3 39. c4 bxc4 40. dxc4 f4 41. b5 g2 42. b6 Qe3+ 43. Kd5
g1=R {0-1 (43) Feuerstack,A (2461)-Kollars,D (2410) Bargteheide CZE 2015})
13... Bg4 14. Qc2 Nxe4 15. Qxe4 Nf3+ $1 {Diagramm [#] nachdem Zilka bis zu
diesem Zeitpunkt alle Züge heruntergeblitzt hatte, musste er nun bereits Zeit
investieren - unverständlich, da ...Sf3+ einerseits die erste Wahl der Engine
ist, andererseits der einzig bisher gespielte Zug, der zudem von einem
Vereinskollegen Lamperts angewandt wurde. Schlechte Vorbereitung des Tschechen,
welche in solch scharfen Stellungen schnell zum Verhängnis wird.} 16. gxf3 (16.
Kh1 $2 f5 17. Qe6+ Kh8 18. dxc5 Re8 $40) 16... Bh3 17. Re1 $146 (17. dxc5 {
damit wurde Lamperts Hamburger Vereinskollege Jonathan Carlstedt konfrontiert.
Das Opfer der Qualität stellt Schwarz jedoch vor keinerlei Probleme, vielmehr
muss Weiß aufgrund des schwachen Königs bereits um seine Stellung bangen.} Bxf1
18. Kxf1 Qd1+ 19. Qe1 Qxf3 20. Be3 axb5 21. Rxa8 Rxa8 22. Nd2 Qh1+ 23. Ke2 Qxh2
$13 24. Nf3 Qh3 25. Qd1 Qe6 26. Qd3 c6 27. Ng5 Qc4 28. Qxc4 bxc4 29. Nf3 f6 30.
Nd4 Ra6 31. Nc2 Ra8 32. Nd4 Ra6 33. Nf5 h5 34. Nd6 Ra4 35. Nc8 Kf7 36. Nb6 Ra1
37. Nxc4 h4 38. Bf4 g5 39. Bb8 g4 40. b4 Ke6 41. b5 cxb5 42. Nb6 g3 43. fxg3 h3
44. c6 h2 45. c7 h1=Q 46. c8=Q+ Kf7 47. Qd7+ Kg6 48. Qg4+ Kf7 49. Qd7+ {
1/2-1/2 (49) Popov,I (2661)-Carlstedt,J (2442) Skopje MKD 2015}) 17... Bd6 18.
Rxa6 Rb8 {Weiß hat satte drei Mehrbauern, hinkt in der Entwicklung jedoch
deutlich hinterher und der Monarch auf g1 macht ebenfalls keinen zufriedenen
Eindruck.} 19. c4 $2 {Diagramm [#] klebt am Material und vernachlässigt
weiterhin die Entwicklung der Leichtfiguren} (19. Bf4 $142 Rxb5 20. Bg3 Rxb2
$44 {Auch hier gefällt die schwarze Stellung deutlich besser - der weiße
Mehrbauer wird durch die sicherere Königsstellung und das Läuferpaar mehr
als kompensiert}) 19... Qf6 20. Rxd6 $8 (20. c5 Rbe8 $3 {dieses
Ablenkungsmanöver ist die teuflische Idee Lamperts} 21. Qxe8 (21. cxd6 Qg6+ 22.
Qxg6 Rxe1#) 21... Qg6+ 22. Kh1 Qg2#) 20... cxd6 21. Bf4 {Materiell ist Weiß
immer noch im Soll, doch der schwarze Angriff ist noch lange nicht vorbei} (21.
Qf4 Rbe8 $1 22. Rd1 Qg6+ 23. Qg3 Qc2 $19) 21... Bd7 $1 {erobert die e-Linie}
22. Be3 (22. Nc3 Rbe8 23. Qb1 Qxf4 $19) 22... Bf5 23. Qf4 Qg6+ 24. Qg3 Bxb1 25.
Qxg6 Bxg6 {Lampert hat nun einen ganzen Turm mehr, die weißen Bauern am
Damenflügel sorgen noch für etwas Kopfzerbrechen, doch das schwarze Material
wird sich durchsetzen.} 26. Bf4 Rb6 27. d5 Bd3 28. b3 Bc2 29. Re3 f6 30. Rc3
Bf5 31. Kg2 Rc8 32. Rc1 Bd7 33. Ra1 Bxb5 $1 34. cxb5 g5 35. Bc1 Rxb5 36. Bb2
Kf7 37. Ra7+ Kg6 38. Ba3 Rxd5 $19 {Diagramm [#] Lampert hat gut abgewickelt
und der Rest ist unkompliziert} 39. Rd7 Rc3 40. Rxd6 Rxd6 41. Bxd6 Rxb3 42. h3
Kf5 43. Bc7 Rb7 44. Ba5 Ke6 45. Bc3 f5 46. Bd2 f4 47. Bc3 Rb3 48. Bg7 Kf5 49.
Bd4 h5 50. Bg7 g4 51. hxg4+ hxg4 52. fxg4+ Kxg4 53. Bd4 f3+ 54. Kh2 Rb7 55. Be5
Rh7+ 56. Kg1 Kh3 57. Kh1 Rd7 58. Bh2 Rd1+ 59. Bg1 Rd2 0-1